Gabriel Garcia Márquez valóságban gyökerező meséje
Elmentve itt :
| Szerző: | |
|---|---|
| További közreműködők: | |
| Dokumentumtípus: | Szakdolgozat |
| Megjelent: |
2008
|
| Tárgyszavak: | |
| Online Access: | http://diploma.bibl.u-szeged.hu/39565 |
| LEADER | 00551nta a2200157 i 4500 | ||
|---|---|---|---|
| 001 | dipl39565 | ||
| 005 | 20130314101341.0 | ||
| 008 | 121214s2008 hu om 0|| hun d | ||
| 040 | |a SZTE Diploma Repozitórium |b hun | ||
| 041 | |a hun | ||
| 100 | 1 | |a Cseh Eszter | |
| 245 | 1 | 0 | |a Gabriel Garcia Márquez valóságban gyökerező meséje |h [elektronikus dokumentum] / |c Eszter Cseh |
| 260 | |c 2008 | ||
| 650 | 4 | |a Bölcsészettudományok | |
| 700 | 1 | |a Kelemen Zoltán |e ths | |
| 856 | 4 | 0 | |u http://diploma.bibl.u-szeged.hu/id/eprint/39565/1/2008_cseh_eszter_2.pdf |z Dokumentum-elérés |